| 000 | 00840aab a2200193 i 4500 | ||
|---|---|---|---|
| 001 | 768714001 | ||
| 003 | CO-MdFUSB | ||
| 005 | 20240423095657.0 | ||
| 008 | 240423t1998 ag ||||| |||| 00| 0 spa d | ||
| 040 |
_bspa _cCO-MdFUSB |
||
| 041 | _aspa | ||
| 100 | 1 |
_aPadilla, C. René _eautor |
|
| 245 |
_aSalud Integral _c/ C. René Padilla |
||
| 300 |
_aVolumen 17, número 2 (abril - julio, 1998), páginas: 4 - 5 _c; 27 cm |
||
| 520 | _aEsta columna inicia expresando que un enfoque general de la salud es aquel que se correlaciona estrechamente con la enfermedad física o mental. Por tanto, ayuda a reflexionar que la salud integral incluye vivir en armonía con Dios y la comunidad. | ||
| 650 | 1 | 4 | _aSALUD |
| 773 | 0 |
_tIglesia y Misión _049402 _959634 _gVolumen 17, número 2 (abril - julio, 1998), páginas: 4 - 5 _qpágina: 4 |
|
| 942 | _cANA | ||
| 999 |
_c52295 _d52295 |
||